00340nam a2200121Ia 4500008004100000082001300041100003700054245004200091250000800133260006000141300000900201650000800210191201s2009 xx 000 0 und d a155bPIP aPILLAIAMARRI, Janardhana krishna 0aPractical Personality and Development aRep aChennaibScitech Publication Chennai and Hadrabadc2009 aMISC aBBA